000 00802nam a2200241 i 4500
001 189893
003 SpMaBN
005 20250815115638.0
008 191218s1973 sp af |||| | spa d
020 _a84-342-0067-8
080 _a75.021.34
100 1 _aParramón, José María.
_989257
245 1 0 _aAsí se dibuja al carbón y a la sanguina /
_cpor José Mª Parramón.
250 _a4ª ed.
260 _aBarcelona :
_bInstituto Parramón,
_c1973.
300 _a79 p., [3] p. de lám. :
_bil. ;
_c27 cm.
490 1 _aColección "Aprender haciendo"
650 7 _aDibujo al carbón
_2embne
_9169189
650 7 _aDibujo a la sanguina
_2embne
_9169190
830 0 _aColección "Aprender haciendo"
_9193459
852 _aES-MaACL
_jL-32476
_z- Enc. cart.
999 _c189893
_d189893